Štúdium výskytu železitých a mangánových baktérií : Obh. 8.6.1992 /

Gespeichert in:
Bibliographische Detailangaben
1. Verfasser: Hindáková, Alica (Verfasst von)
Format: Manuskript Buch
Sprache:Slowakisch
Veröffentlicht: Bratislava : STU v Bratislave ChtF, 1992
Tags: Tag hinzufügen
Keine Tags, Fügen Sie das erste Tag hinzu!

MARC

LEADER 00000ntm a22000003a 4500
001 stu18978
005 20150617225756.5
008 920612s1992----cs------------------slo-d
040 |a STU  |b slo 
041 0 |a slo 
044 |a cs 
100 1 |a Hindáková, Alica  |4 aut 
245 1 |a Štúdium výskytu železitých a mangánových baktérií :  |b Obh. 8.6.1992 /  |c [aut.]Hindáková,Alica 
260 |a Bratislava :  |b STU v Bratislave ChtF,  |c 1992 
300 |a 58 s :  |b Obr.,tab.,grafy,lit 
500 |a Špec.: Technológia vody 
996 |b CD10960  |c C*D10960  |l CCI  |s A  |a 24  |w stu18978_0001